Nástroje elektronickej komunikácie využívané pri podnikaní bakalárska práca

Gespeichert in:
Bibliographische Detailangaben
1. Verfasser: Gduľová, Simona
Körperschaft: Podnikovohospodárska fakulta EU so sídlom v Košiciach. Katedra informačnej a jazykovej komunikácie
Weitere Verfasser: Tarča, Alexander
Format: Buch
Sprache:Slowakisch
Veröffentlicht: Košice 2020
Tags: Tag hinzufügen
Keine Tags, Fügen Sie das erste Tag hinzu!

MARC

LEADER 00000nbm a2200000 4500
001 0265404
005 20210421122008.9
041 0 |a slo 
044 |a SK 
245 1 0 |a Nástroje elektronickej komunikácie využívané pri podnikaní  |b bakalárska práca  |c Simona Gduľová ; školiteľ: Alexander Tarča 
264 1 |a Košice  |c 2020 
300 |a 49 s. 
100 1 |a Gduľová, Simona 
700 1 |a Tarča, Alexander 
710 2 |a Podnikovohospodárska fakulta EU so sídlom v Košiciach. Katedra informačnej a jazykovej komunikácie